Normal view
MARC view
Entry Topical Term
001 - CONTROL NUMBER
- control field: 11388
003 - CONTROL NUMBER IDENTIFIER
- control field: BD-RjUL
005 - DATE AND TIME OF LATEST TRANSACTION
- control field: 20240203183018.0
008 - FIXED-LENGTH DATA ELEMENTS
- fixed length control field: 240203|| aca||aabn | a|a d
040 ## - CATALOGING SOURCE
- Original cataloging agency: BD-RjUL
- Transcribing agency: BD-RjUL
150 ## - HEADING--TOPICAL TERM
- Topical term or geographic name entry element: Diabetes mellitus
- Form subdivision: Diseases
- Geographic subdivision: Bangladesh
670 ## - SOURCE DATA FOUND
- Source citation: Work cat.: (BD-RjUL)82922: Ullah, Md. Sk Shahid 11387, TNF-a 308 G /A Polymorphism associated with diabetes mellitus type 2 in Bangladeshi population /, 2018